Catalog

Record Details

Catalog Search



Beginning of the death of tomorrow #15 / story and ... Read More

Kubo, Tite.(Author).
Caselman, Lance.(Added Author). Yamazaki, Joe.(Added Author).

Available copies

  • 2 of 2 copies available at LARL/NWRL Consortium.
  • 1 of 1 copy available at Lake Agassiz Regional Library. (Show preferred library)

Current holds

0 current holds with 2 total copies.

Show All Copies
Location Call Number / Copy Notes Barcode Shelving Location Status Due Date
Breckenridge Public Library Y G KUB (Text) 33500009358417 Main Available -
Barb Geer Memorial LINK Site ya KUB (Text) 35500003906656 Main Available -

Record details

  • ISBN: 1421506130
  • Physical Description: [181] p. : chiefly ill. ; 19 cm.
  • Edition: Shonen Jump manga ed.
  • Publisher: San Francisco, Calif. : Viz, 2006.

Content descriptions

General Note:
"First published in Japan in 2001 by Shueisha Inc., Tokyo"--Verso t.p.
"This book reads from right to left"--Cover.
Summary, etc.:
Ichigo "Strawberry" Kurosaki was born with the ... Read More
Target Audience Note:
521 T: for teens ages 13 and up.
Language Note:
Translated from the Japanese.
Subject: Comic books, strips, etc. > Japan.
Genre: Graphic novels.
LDR 01991nam a2200361Ka 4500
00173515
003LARL_NWRL_CONSORTIUM
00520061011060338.0
008061003s2006 caua d 000 c eng d
020 . ‡a1421506130
0243 . ‡a9781421506135
035 . ‡a(OCoLC)422431055
1001 . ‡aKubo, Tite. ‡0(LARL_NWRL_CONSORTIUM)213105
24510. ‡aBeginning of the death of tomorrow ‡n#15 / ‡cstory and art by Tite Kubo ; [English adaptation, Lance Caselman ; translation Joe Yamazaki].
24630. ‡aBleach: beginning of the death of tomorrow ‡n#15
250 . ‡aShonen Jump manga ed.
260 . ‡aSan Francisco, Calif. : ‡bViz, ‡c2006.
300 . ‡a[181] p. : ‡bchiefly ill. ; ‡c19 cm.
4900 . ‡aShonen Jump graphic novel
4900 . ‡aBleach; ‡v15
500 . ‡a"First published in Japan in 2001 by Shueisha Inc., Tokyo"--Verso t.p.
500 . ‡a"This book reads from right to left"--Cover.
520 . ‡aIchigo "Strawberry" Kurosaki was born with the ability to see ghosts. When his family is attacked by a Hollow - a malevolent lost soul - Ichigo becomes a Soul Reaper, dedicating his life to protecting the innocent and helping the tortured spirits themselves find peace. During a bloody confrontation with a sadistic Soul Reaper, Uryû chooses a path that will temporarily grant him enormous power, at great personal cost. Meanwhile, Ichigo races to master a powerful technique that will help him fight Byakuya and, hopefully, save Rukia from execution.
521 . ‡a521 T: for teens ages 13 and up.
546 . ‡aTranslated from the Japanese.
650 0. ‡aComic books, strips, etc. ‡zJapan.
655 0. ‡aGraphic novels.
7001 . ‡aCaselman, Lance. ‡0(LARL_NWRL_CONSORTIUM)207463
7001 . ‡aYamazaki, Joe. ‡0(LARL_NWRL_CONSORTIUM)215038
901 . ‡a73515 ‡bOCLC ‡c73515 ‡tbiblio

Additional Resources